Loading...
History - American History | 0 | 8 | 0 | 4 | 80 | 110 | 131.63 | 0 | 0 |
History - Other History | 0 | 7 | 3 | 0 | 55 | 88 | 117.57 | 0 | 0 |
Social Science | 0 | 4 | 1 | 0 | 35 | 22 | 105.75 | 1 | 1 |
Fine Arts - Other Fine Arts | 0 | 3 | 0 | 0 | 30 | 123 | 130.67 | 0 | 0 |
History - European History | 0 | 3 | 1 | 0 | 25 | 83 | 102.33 | 0 | 1 |
Geography | 0 | 2 | 0 | 0 | 20 | 86 | 106.50 | 0 | 0 |
Literature - American Literature | 0 | 1 | 0 | 0 | 10 | 106 | 106.00 | 0 | 0 |
Fine Arts - Painting & Sculpture | 0 | 1 | 0 | 0 | 10 | 133 | 133.00 | 0 | 0 |
Current Events | 0 | 1 | 0 | 0 | 10 | 92 | 92.00 | 0 | 0 |
Literature - World Literature | 0 | 1 | 0 | 0 | 10 | 148 | 148.00 | 0 | 0 |
Mythology | 0 | 1 | 0 | 0 | 10 | 85 | 85.00 | 0 | 0 |
Philosophy | 0 | 1 | 0 | 0 | 10 | 122 | 122.00 | 0 | 0 |
Science - Biology | 0 | 1 | 0 | 0 | 10 | 119 | 119.00 | 0 | 0 |
Science - Other Science | 0 | 1 | 0 | 0 | 10 | 133 | 133.00 | 0 | 0 |
Religion | 0 | 1 | 1 | 0 | 5 | 163 | 163.00 | 0 | 0 |
Other Academic | 0 | 1 | 2 | 0 | 0 | 123 | 123.00 | 0 | 0 |
History - World History | 0 | 1 | 2 | 0 | 0 | 123 | 123.00 | 0 | 0 |